书目信息 |
| 题名: |
电机与拖动基础
|
|
| 作者: | 汤天浩 主编 | |
| 分册: | ||
| 出版信息: | 北京 机械工业出版社 2004 |
|
| 页数: | xv, 222页 | |
| 开本: | 26cm | |
| 丛书名: | 普通高等教育应用型人才培养规划教材 | |
| 单 册: | ||
| 中图分类: | TM3-43 | |
| 科图分类: | ||
| 主题词: | 电力传动--高等教育--教材 , 电机--高等教育--教材 | |
| 电子资源: | ||
| ISBN: | 7-111-14653-0 | |
| 000 | 01207nam 2200277 450 | |
| 001 | 010563633484 | |
| 005 | 20050922163649.41 | |
| 010 | @a7-111-14653-0@dCNY22.00 | |
| 100 | @a20050329d2004 km y0chiy0120 ea | |
| 101 | 0 | @achi |
| 102 | @aCN@b110000 | |
| 105 | @aa a 000yy | |
| 200 | 1 | @a电机与拖动基础@Adian ji yu tuo dong ji chu@f汤天浩主编@Ftang tian hao zhu bian |
| 210 | @a北京@c机械工业出版社@d2004 | |
| 215 | @axv, 222页@c图@d26cm | |
| 225 | 2 | @a普通高等教育应用型人才培养规划教材@i普通高等教育自动化专业规划教材 |
| 320 | @a有书目。 | |
| 330 | @a全书共分十一章,前两章是全书的基础,分别阐述电机的基本原理,包括电磁感应、机电能量转换和旋转电机的基本概念、结构与模型;电力拖动动力学基础,包括电力拖动系统的运动方程、稳态和动态分析等内容。在此基础上,后续章节分析和讨论了直流电机、变压器、异步电机、同步电机和特种电机的原理、结构和运行特性,包括电机的起动、制动和调速等问题。 | |
| 410 | 0 | @12001 @a普通高等教育应用型人才培养规划教材 |
| 410 | 0 | @12001 @a普通高等教育自动化专业规划教材 |
| 606 | 0 | @a电力传动@x高等教育@x教材 |
| 606 | 0 | @a电机@x高等教育@x教材 |
| 690 | @aTM3-43@v4 | |
| 701 | 0 | @a汤天浩@Atang tian hao@4主编 |
| 801 | 0 | @aCN@bQSSK@c20050922 |
| 905 | @a10447@dTM3-43@eT202 | |
| 电机与拖动基础/汤天浩主编.-北京:机械工业出版社,2004 |
| xv, 222页:图;26cm.-(普通高等教育应用型人才培养规划教材.普通高等教育自动化专业规划教材) |
| ISBN 7-111-14653-0:CNY22.00 |
| 全书共分十一章,前两章是全书的基础,分别阐述电机的基本原理,包括电磁感应、机电能量转换和旋转电机的基本概念、结构与模型;电力拖动动力学基础,包括电力拖动系统的运动方程、稳态和动态分析等内容。在此基础上,后续章节分析和讨论了直流电机、变压器、异步电机、同步电机和特种电机的原理、结构和运行特性,包括电机的起动、制动和调速等问题。 |
| ● |
| 相关链接 |
|
|
|
正题名:电机与拖动基础
索取号:TM3-43/T202
 
预约/预借
| 序号 | 登录号 | 条形码 | 馆藏地/架位号 | 状态 | 备注 |
| 1 | 526247 | 205262473 | 自科库301/301自科库 10排4列5层/ [索取号:TM3-43/T202] | 在馆 | |
| 2 | 526248 | 205262482 | 自科库301/301自科库 10排4列5层/ [索取号:TM3-43/T202] | 在馆 | |
| 3 | 526249 | 205262491 | 自科二线404/404自科库 10排5列5层/ [索取号:TM3-43/T202] | 在馆 |